Дискретно-управляемые магнитно-вентильные устройства: в 2 ч.

Bibliographische Detailangaben
1. Verfasser: Обрусник В. П. Валентин Петрович
Weitere Verfasser: Кобаев А. В. Анатолий Васильевич
Sprache:Russisch
Veröffentlicht: Томск, Изд-во ТГУ, 1976
Format: MixedMaterials Buch
KOHA link:https://koha.lib.tpu.ru/cgi-bin/koha/opac-detail.pl?biblionumber=358479

MARC

LEADER 00000nam1a2200000 4500
001 358479
005 20231101042502.0
035 |a (RuTPU)RU\TPU\retro\15748 
090 |a 358479 
100 |a 20200818d1976 km y0rusy50 ca 
101 0 |a rus 
102 |a RU 
200 1 |a Дискретно-управляемые магнитно-вентильные устройства  |e в 2 ч.  |f В. П. Обрусник, А. В. Кобаев 
210 |a Томск  |c Изд-во ТГУ  |d 1976 
700 1 |a Обрусник  |b В. П.  |c российский ученый  |c профессор кафедры электропривода и автоматизации промышленных установок Томского политехнического университета  |f 1935-  |g Валентин Петрович  |2 stltpush  |3 (RuTPU)RU\TPU\pers\19850 
701 1 |a Кобаев  |b А. В.  |g Анатолий Васильевич 
801 1 |a RU  |b 63413507  |c 20200818 
801 2 |a RU  |b 63413507  |c 20220907  |g RCR 
942 |c BK